00282nam a2200121Ia 4500008004100000041000800041082001400049100002100063245004100084260001700125300001300142365000500155240624s9999 xx 000 0 und d aeng a658.1 SHE aSHERMAN ANDREW J aMERGERS AND ACQUISITIONS FROM A TO Z c2010bAMACOM a336 : p. c